00505cam a2200169Ia 4500020001500000040000800015082002600023100001900049245010900068250001200177260004500189300002500234650001900259650002000278650001500298700002200313 a188458537X cANC a808 PYR 2003 A094 Or.1 aPyrczak, Fred.10aWriting empirical research reports :ba basic guide for students of the social and behavioral sciences / a4th ed. aLos Angeles, CA :bPyrczak Pub.,cc2003. avi, 138 p. ;c29 cm. 0aReport writing 0aSocial sciences 0aPsychology1 aBruce, Randall R.